[Event "Las Palmas Insular-chT Segunda 1718"]
[Site "Las Palmas"]
[Date "2017.11.11"]
[Round "2.1"]
[White "Perera Ramirez, Manuel"]
[Black "Perez Bolanos, David"]
[Result "1/2-1/2"]
[WhiteElo "1566"]
[BlackElo "1514"]
[PlyCount "42"]
[EventDate "2017.10.28"]
[EventType "team-swiss"]
[EventRounds "9"]
[EventCountry "ESP"]
[SourceTitle "EXT 2019"]
[Source "ChessBase"]
[SourceDate "2018.10.10"]
[SourceVersion "1"]
[SourceVersionDate "2018.10.10"]
[SourceQuality "1"]
[WhiteTeam "Piscolabis Oleaje San Andres II"]
[BlackTeam "Sociedad La Montana IV"]
[WhiteTeamCountry "ESP"]
[BlackTeamCountry "ESP"]

1. d4 Nf6 2. c4 e6 3. Bg5 Be7 4. Nf3 d5 5. e3 c6 6. Bd3 Nbd7 7. 0-0 0-0 8. Nc3 h6 9. Bh4 dxc4 10. Bxc4 b5 11. Bd3 Bb7 12. Qc2 a6 13. Rfd1 Re8 14. Ne5 Nxe5 15. dxe5 Nd7 16. Bg3 Qc7 17. f4 Nb6 18. Ne4 Nd5 19. Bf2 c5 20. Ng3 Qc6 21. Be4 Qc7 1/2-1/2

[Event "Las Palmas Insular-chT Pref-A"]
[Site "Las Palmas"]
[Date "2015.11.14"]
[Round "3.2"]
[White "Gutierrez Diaz, Kevin"]
[Black "Perera Ramirez, Manuel"]
[Result "1-0"]
[WhiteElo "1667"]
[BlackElo "1579"]
[PlyCount "51"]
[EventDate "2015.10.17"]
[EventType "team-tourn"]
[EventRounds "14"]
[EventCountry "ESP"]
[SourceTitle "CBM 170 Extra"]
[Source "ChessBase"]
[SourceDate "2016.02.25"]
[SourceVersion "1"]
[SourceVersionDate "2016.02.25"]
[SourceQuality "1"]
[WhiteTeam "Sociedad La Montana II"]
[BlackTeam "Piscolabis Oleaje San Andres II"]
[WhiteTeamCountry "ESP"]
[BlackTeamCountry "ESP"]

1. e4 e6 2. d4 d5 3. e5 c5 4. c3 Nc6 5. Nf3 Qb6 6. Bd3 cxd4 7. cxd4 Bd7 8. Bc2 Bb4+ 9. Nc3 Nge7 10. 0-0 Bxc3 11. bxc3 Na5 12. Ba3 Nc4 13. Bxe7 Kxe7 14. Nh4 Rac8 15. Qe1 Na3 16. Bd3 Bb5 17. Bxb5 Nxb5 18. Rb1 Qc6 19. f4 Nxc3 20. Rc1 b5 21. f5 Qc4 22. Kh1 Qxd4 23. f6+ gxf6 24. exf6+ Kd7 25. Nf3 Ne4 26. Nxd4 1-0

[Event "Las Palmas Insular-chT Primera-B"]
[Site "Las Palmas"]
[Date "2012.01.28"]
[Round "7.3"]
[White "Garcia Vega, Gregorio Francisco"]
[Black "Perera Ramirez, Manuel"]
[Result "0-1"]
[WhiteElo "1602"]
[BlackElo "1995"]
[PlyCount "90"]
[EventDate "2011.11.12"]
[EventType "team-tourn"]
[EventRounds "14"]
[EventCountry "ESP"]
[SourceTitle "EXT 2013"]
[Source "ChessBase"]
[SourceDate "2012.11.22"]
[SourceVersion "1"]
[SourceVersionDate "2012.11.22"]
[SourceQuality "1"]
[WhiteTeam "Club de Ajedrez Guea"]
[BlackTeam "Piscolabis Oleaje San Andres"]
[WhiteTeamCountry "ESP"]
[BlackTeamCountry "ESP"]

1. e4 e6 2. d4 d5 3. e5 c5 4. c3 Nc6 5. Bb5 Qb6 6. Qd3 Bd7 7. Bxc6 Bxc6 8. Ne2 Bb5 9. Qe3 Bxe2 10. dxc5 Bxc5 11. Qxe2 Ne7 12. b4 Bxb4 13. cxb4 Qxb4+ 14. Bd2 Qb6 15. 0-0 0-0 16. Nc3 a6 17. Rab1 Qc6 18. Rfc1 Qd7 19. Qg4 Ng6 20. Qg3 f5 21. exf6 Rxf6 22. Bg5 Rf5 23. Rd1 Raf8 24. Rd2 Ne5 25. Be3 R8f6 26. h3 Rg6 27. Qxg6 Nxg6 28. Ne2 e5 29. Ng3 Rf7 30. Bc5 Nf4 31. Re1 Qc6 32. Be3 Qc3 33. Bxf4 exf4 34. Nf1 d4 35. Red1 Rd7 36. Rd3 Qc4 37. R1d2 b5 38. Nh2 Qe6 39. Nf3 h6 40. Kf1 Rc7 41. Rxd4 Rc1+ 42. Rd1 Rxd1+ 43. Rxd1 Qxa2 44. Ne5 b4 45. Rd8+ Kh7 0-1